000 00307nam a2200085Ia 4500
245 0 _aDiphoofolo : a multilingual collection of rhymes from South Africa
100 _a SCHERMBRUCKER, Reviva Claremont, [Cape Town, South Africa], 2002
_9101029
942 _cBK
008 210818s9999 xx 000 0 und d
999 _c435933
_d435932